Forge Of Empires Goods Quiz - Statistics

General Stats
  • This quiz has been taken 37 times
  • The average score is 37 of 85
Answer Stats
Hint Answer % Correct
Iron age Iron
100%
Early Middle Ages Gold
87%
Bronze age Marble
80%
Bronze age Wine
73%
High Middle Ages Glass
67%
Early Middle Ages Honey
67%
Iron age Jewelry
67%
Bronze age Lumber
67%
Brozne age Stone
67%
Early Middle Ages Copper
60%
Bronze age Dye
60%
Iron age Limestone
60%
Colonial Age Paper
60%
High Middle Ages Rope
60%
Late Middle Ages Silk
60%
Early Middle Ages Alabaster
53%
Progressive Era Asbestos
53%
Iron age Cloth
53%
Iron age Ebony
53%
Early Middle Ages Granite
53%
Late Middle Ages Gunpowder
53%
The Future Nanoparticles
53%
High Middle Ages Salt
53%
Postmodern Era Steel
53%
Late Middle Ages Talc Powder
53%
Industrial Age Whale Oil
53%
The Future Biogeochemical Data
47%
Late Middle Ages Brass
47%
High Middle Ages Bricks
47%
Colonial Age Coffee
47%
Progressive Era Machine parts
47%
Colonial Age Porcelain
47%
Industrial Age Rubber
47%
Colonial Age Tar
47%
Progressive Era Tinplate
47%
The Future Algae
40%
Late Middle Ages Basalt
40%
Virtual Future Cryptocash
40%
High Middle Ages Dried Herbs
40%
Contemporary Era Electromagnets
40%
Progressive Era Explosives
40%
Modern Era Ferroconcrete
40%
Contemporary Era Gas
40%
Progressive Era Gasoline
40%
Postmodern Era Genome Data
40%
Modern Era Luxury Materials
40%
Modern Era Packaging
40%
Contemporary Era Plastics
40%
The Future Purified water
40%
Tomorrow Smart Materials
40%
The Future Superconductors
40%
Colonial Age Wires
40%
Space Age Mars Biotech Crops
33%
Industrial Age Coke
33%
Modern Era Convenience Food
33%
Oceanic Future Corals
33%
Virtual Future Golden Rice
33%
Virtual Future Nanites
33%
Arctic Future Nanowires
33%
Arctic Future Paper Batteries
33%
Tomorrow Papercrete
33%
Oceanic Future Pearls
33%
Tomorrow Preservatives
33%
Postmodern Era Renewable Resources
33%
Contemporary Era Robots
33%
Postmodern Era Semiconductors
33%
Space Age Mars Superalloys
33%
Industrial Age Textiles
33%
Tomorrow Translucent Concrete
33%
Arctic Future AI Data
27%
Oceanic Future Artificial scales
27%
Oceanic Future Biolight
27%
Virtual Future Data Crystals
27%
Industrial Age Fertilizer
27%
Modern Era Flavourants
27%
Space Age Mars Fusion Reactors
27%
Space Age Mars Lubricant
27%
Space Age Mars Mars Microbes
27%
Tomorrow Nutrition Research
27%
Oceanic Future Plankton
27%
Virtual Future Tea Silk
27%
Arctic Future Transester Gas
27%
Contemporary Era Bionics Data
20%
Arctic Future Bioplastics
20%
Postmodern Era Industrial filters
20%
No matching quizzes found
Score Distribution
Percent of People with Each Score
Percentile by Number Answered
Your Score History
You have not taken this quiz